000 00272nam a2200121 i 4500
001 bg
245 0 _aKształtowniki stalowe gięte :
_bporadnik.
260 _aKatowice,
_c1983.
040 _cBPK
041 _apol
942 _cKS
008 s pl f |000 0 pol
999 _c1862
_d1862
856 _uhttp://koha.tu.koszalin.pl/cgi-bin/koha/opac-detail.pl?biblionumber=1862
_yKatalog online BPK